[Event "Brasilia-ch 52nd"]
[Site "Brasilia"]
[Date "2012.08.18"]
[Round "2"]
[White "Saenko, Gennady"]
[Black "Ribeiro, Valdir Uchoa Jr"]
[Result "0-1"]
[WhiteElo "1819"]
[BlackElo "1928"]
[PlyCount "64"]
[EventDate "2012.08.17"]
[EventType "tourn"]
[EventRounds "11"]
[EventCountry "BRA"]
[SourceTitle "CBM 150 Extra"]
[Source "ChessBase"]
[SourceDate "2012.10.19"]
[SourceVersion "1"]
[SourceVersionDate "2012.10.19"]
[SourceQuality "1"]

1. c4 f5 2. d4 Nf6 3. Nc3 g6 4. Nf3 Bg7 5. g3 0-0 6. Bg2 d6 7. 0-0 c6 8. Qc2 Qc7 9. b3 Na6 10. a3 Kh8 11. Bb2 e5 12. e3 e4 13. Nd2 Qe7 14. b4 Nc7 15. a4 Be6 16. Rfc1 Qf7 17. Bf1 g5 18. b5 Rg8 19. Ba3 d5 20. bxc6 bxc6 21. c5 f4 22. exf4 gxf4 23. Ne2 Bh6 24. Bb2 Qh5 25. Qd1 f3 26. Nc3 Ng4 27. h4 Ne3 28. Qe1 Nxf1 29. Nxf1 Qxh4 30. Rd1 Qh3 31. Ne3 Bxe3 32. Qf1 Rxg3+ 0-1

[Event "BRA-ch sf"]
[Site "Brasilia"]
[Date "2012.05.27"]
[Round "5"]
[White "Saenko, Gennady"]
[Black "Maio Guedes, Luis Augusto"]
[Result "0-1"]
[WhiteElo "1847"]
[BlackElo "1823"]
[PlyCount "56"]
[EventDate "2012.05.19"]
[EventType "swiss"]
[EventRounds "7"]
[EventCountry "BRA"]
[SourceTitle "CBM 148 Extra"]
[Source "ChessBase"]
[SourceDate "2012.06.22"]
[SourceVersion "1"]
[SourceVersionDate "2012.06.22"]
[SourceQuality "1"]

1. c4 Nf6 2. Nc3 d5 3. cxd5 Nxd5 4. Nf3 g6 5. g3 Bg7 6. Bg2 0-0 7. 0-0 e5 8. Qb3 Be6 9. Qxb7 Nb6 10. Ne1 N8d7 11. Qf3 f5 12. e3 e4 13. Qd1 Rb8 14. d3 exd3 15. Nxd3 Bc4 16. Re1 Qe7 17. Qc2 Rfd8 18. Nf4 Ne5 19. b3 Bd3 20. Nxd3 Nxd3 21. Rd1 Nb4 22. Rxd8+ Qxd8 23. Qd2 Qf6 24. Qd4 Nc2 25. Qxf6 Bxf6 26. Bb2 Nxa1 27. Bxa1 Rd8 28. Bb2 Rd2 0-1

[Event "Brasilia IRT"]
[Site "Brasilia"]
[Date "2012.05.02"]
[Round "9"]
[White "Cunha, Lucas Aguiar"]
[Black "Saenko, Gennady"]
[Result "1-0"]
[WhiteElo "2174"]
[BlackElo "1856"]
[PlyCount "25"]
[EventDate "2012.04.27"]
[EventType "tourn"]
[EventRounds "9"]
[EventCountry "BRA"]
[SourceTitle "CBM 148 Extra"]
[Source "ChessBase"]
[SourceDate "2012.06.22"]
[SourceVersion "1"]
[SourceVersionDate "2012.06.22"]
[SourceQuality "1"]

1. e4 c5 2. Nf3 b6 3. d4 cxd4 4. Nxd4 Bb7 5. Nc3 g6 6. Bf4 Bg7 7. Ndb5 d6 8. Bxd6 Bxc3+ 9. bxc3 Bxe4 10. Qd4 Nf6 11. Nc7+ Kf8 12. Qxf6 Rg8 13. Bc4 1-0

[Event "Brasilia IRT"]
[Site "Brasilia"]
[Date "2012.04.29"]
[Round "4"]
[White "Maciel, Diogo Alves"]
[Black "Saenko, Gennady"]
[Result "1/2-1/2"]
[WhiteElo "1800"]
[BlackElo "1856"]
[PlyCount "97"]
[EventDate "2012.04.27"]
[EventType "tourn"]
[EventRounds "9"]
[EventCountry "BRA"]
[SourceTitle "CBM 148 Extra"]
[Source "ChessBase"]
[SourceDate "2012.06.22"]
[SourceVersion "1"]
[SourceVersionDate "2012.06.22"]
[SourceQuality "1"]

1. e4 c5 2. Nf3 d6 3. d4 cxd4 4. Nxd4 Nf6 5. Nc3 g6 6. Be3 Bg7 7. f3 0-0 8. Qd2 Nc6 9. 0-0-0 Bd7 10. Be2 Rc8 11. Kb1 Ne5 12. g4 Nc4 13. Bxc4 Rxc4 14. h4 h5 15. Nf5 Bxf5 16. gxf5 Nd7 17. fxg6 fxg6 18. Qd5+ Kh7 19. Qxc4 Rxf3 20. Qe2 Rf8 21. Bd4 Bxd4 22. Rxd4 Qb6 23. Rd5 Rf2 24. Qb5 Qc7 25. Rg1 Ne5 26. Rxe5 dxe5 27. Rf1 a6 28. Qd3 Qc5 29. a3 Rf4 30. Rxf4 exf4 31. Qf3 Qg1+ 32. Qd1 Qxd1+ 33. Nxd1 g5 34. hxg5 Kg6 35. Nf2 Kxg5 36. Kc1 Kh4 37. Kd1 Kg3 38. Ke1 Kg2 39. Ke2 h4 40. c4 h3 41. Nxh3 Kxh3 42. Kf3 e5 43. c5 Kh4 44. b4 Kg5 45. a4 Kf6 46. b5 Ke6 47. Ke2 Kd7 48. Kd3 Kc7 49. Ke2 1/2-1/2

[Event "Brasilia Almeida Vas Memorial 16th"]
[Site "Brasilia"]
[Date "2012.02.28"]
[Round "2"]
[White "Saenko, Gennady"]
[Black "Saldano Dayer, Horacio"]
[Result "0-1"]
[WhiteElo "1929"]
[BlackElo "2441"]
[PlyCount "98"]
[EventDate "2012.02.27"]
[EventType "swiss"]
[EventRounds "7"]
[EventCountry "BRA"]
[SourceTitle "CBM 147 Extra"]
[Source "ChessBase"]
[SourceDate "2012.04.24"]
[SourceVersion "1"]
[SourceVersionDate "2012.04.24"]
[SourceQuality "1"]

1. c4 c6 2. Nc3 d5 3. cxd5 cxd5 4. d4 Nf6 5. Nf3 Nc6 6. Qb3 Na5 7. Qb5+ Bd7 8. Qd3 e6 9. Ne5 Rc8 10. e3 Bb4 11. Bd2 Nc4 12. Nxc4 dxc4 13. Qc2 0-0 14. Be2 Bc6 15. Bf3 a6 16. Bxc6 Rxc6 17. 0-0 b5 18. Ne4 Nd5 19. a3 Be7 20. Nc3 Qb6 21. Nxd5 exd5 22. Bb4 Re8 23. Qc3 Bd6 24. Bxd6 Rxd6 25. Rfc1 h5 26. Qb4 a5 27. Qd2 Rg6 28. Qd1 Rg5 29. b4 Qg6 30. Qf1 Re4 31. bxa5 h4 32. f4 Rf5 33. Qf2 h3 34. g3 Qa6 35. Qd2 Rf6 36. Rab1 Rfe6 37. Re1 Re8 38. Kf2 R4e7 39. Qb4 Qg6 40. Re2 Qe4 41. Rg1 Qd3 42. Qxb5 Rxe3 43. Qxe8+ Rxe8 44. Rxe8+ Kh7 45. Rge1 Qxd4+ 46. Kf1 c3 47. R8e2 Qc4 48. Rc1 d4 49. Kf2 d3 0-1

[Event "Brasilia IRT op"]
[Site "Brasilia"]
[Date "2012.01.30"]
[Round "5"]
[White "Felix, Raimundo Nascimento"]
[Black "Saenko, Gennady"]
[Result "1-0"]
[WhiteElo "1969"]
[BlackElo "1929"]
[PlyCount "138"]
[EventDate "2012.01.23"]
[EventType "swiss"]
[EventRounds "6"]
[EventCountry "BRA"]
[SourceTitle "EXT 2013"]
[Source "ChessBase"]
[SourceDate "2012.11.22"]
[SourceVersion "1"]
[SourceVersionDate "2012.11.22"]
[SourceQuality "1"]

1. e4 c5 2. c3 Nf6 3. e5 Nd5 4. d4 cxd4 5. cxd4 d6 6. Nf3 Nc6 7. Bc4 Nb6 8. Bb3 dxe5 9. dxe5 Qxd1+ 10. Bxd1 Nc4 11. Ba4 Bd7 12. 0-0 N6xe5 13. Nxe5 Nxe5 14. Bb3 e6 15. Rd1 Be7 16. Bf4 Nc6 17. Nc3 Na5 18. Ne4 Nxb3 19. axb3 Bc6 20. Nd6+ Bxd6 21. Bxd6 Bd5 22. Rdc1 Kd7 23. Be5 Rhc8 24. Bc3 f6 25. Rd1 Ke7 26. Rd3 a6 27. Re1 Kf7 28. f4 g6 29. g4 Bc6 30. g5 f5 31. Rd6 Re8 32. Bf6 Rac8 33. Red1 Bb5 34. Rb6 Bc6 35. Rd6 h6 36. h4 hxg5 37. hxg5 Rc7 38. Rd3 Kg8 39. Rb4 Rh7 40. Rbd4 Rh1+ 41. Kf2 Rh2+ 42. Ke1 Rxb2 43. Rh3 Rb1+ 44. Kd2 Rh1 45. Rxh1 Bxh1 46. Rd7 Bd5 47. Rg7+ Kf8 48. Kc2 e5 49. fxe5 f4 50. Rh7 f3 51. Kd2 Bxb3 52. Rxb7 Bd5 53. Ra7 Ra8 54. Rd7 Be6 55. Re7 Bg4 56. Ke3 Re8 57. Ra7 Rd8 58. e6 Bxe6 59. Kxf3 Bc4 60. Ke4 Re8+ 61. Kd4 Bf7 62. Rxa6 Re1 63. Ra8+ Re8 64. Ra7 Re1 65. Be5 Re2 66. Ra8+ Be8 67. Kd5 Kf7 68. Kd6 Re1 69. Ra7+ Kf8 1-0

[Event "Brasilia IRT op"]
[Site "Brasilia"]
[Date "2012.01.27"]
[Round "3"]
[White "Campos, Westerley Batista"]
[Black "Saenko, Gennady"]
[Result "1/2-1/2"]
[WhiteElo "1725"]
[BlackElo "1929"]
[PlyCount "87"]
[EventDate "2012.01.23"]
[EventType "swiss"]
[EventRounds "6"]
[EventCountry "BRA"]
[SourceTitle "EXT 2013"]
[Source "ChessBase"]
[SourceDate "2012.11.22"]
[SourceVersion "1"]
[SourceVersionDate "2012.11.22"]
[SourceQuality "1"]

1. c4 c5 2. Nf3 Nf6 3. Nc3 Nc6 4. g3 g6 5. Bg2 Bg7 6. 0-0 0-0 7. d4 cxd4 8. Nxd4 Nxd4 9. Qxd4 d6 10. b3 Nd7 11. Qd2 Nc5 12. Bb2 Rb8 13. Rfd1 Bd7 14. b4 Ne6 15. Nd5 Bxb2 16. Qxb2 Nc7 17. c5 dxc5 18. bxc5 Nxd5 19. Rxd5 Qc7 20. Rc1 Bc6 21. Re5 Bxg2 22. Kxg2 Rfd8 23. Re3 Rd7 24. Ra3 a6 25. Rb3 Qc6+ 26. f3 Rbd8 27. Rc2 Rc8 28. Rb6 Qd5 29. e4 Qd1 30. Rf2 Rxc5 31. Rxb7 Rxb7 32. Qxb7 Qd6 33. Qb2 Qc7 34. Rd2 h5 35. Qd4 Rc2 36. Qd3 Rxd2+ 37. Qxd2 Kg7 38. Qd3 Qb7 39. Qc3+ f6 40. e5 Qd5 41. exf6+ exf6 42. Qc7+ Qf7 43. Qa5 Qb7 44. Qd2 1/2-1/2

[Event "Brasilia op"]
[Site "Brasilia"]
[Date "2012.??.??"]
[Round "3"]
[White "Da Silva, Silvano Rodrigues"]
[Black "Saenko, Gennady"]
[Result "0-1"]
[WhiteElo "1816"]
[BlackElo "1830"]
[PlyCount "98"]
[EventDate "2012.09.06"]
[EventType "swiss"]
[EventRounds "6"]
[EventCountry "BRA"]
[SourceTitle "CBM 150 Extra"]
[Source "ChessBase"]
[SourceDate "2012.10.19"]
[SourceVersion "1"]
[SourceVersionDate "2012.10.19"]
[SourceQuality "1"]

1. e4 c5 2. Nf3 d6 3. d4 cxd4 4. Nxd4 Nf6 5. Nc3 g6 6. Bd3 Bg7 7. 0-0 0-0 8. f3 Nc6 9. Nb3 Bd7 10. Be3 a6 11. Qd2 b5 12. Ne2 Ne5 13. Nbd4 Rc8 14. c3 Nxd3 15. Qxd3 Qc7 16. h3 d5 17. Rad1 dxe4 18. fxe4 Rcd8 19. Qb1 Bc8 20. Nf3 Bb7 21. Nd2 Nh5 22. Bf4 Nxf4 23. Nxf4 Bh6 24. Nd5 Bxd5 25. exd5 Rxd5 26. Nf3 Qc5+ 27. Kh1 Rfd8 28. Rde1 e6 29. Qe4 Qc4 30. Nd4 Bg7 31. Qf3 R8d7 32. Re4 Bxd4 33. cxd4 Rf5 34. Rf4 Qd5 35. Rxf5 exf5 36. Qe3 Qe6 37. Qh6 Rxd4 38. Qc1 Qd7 39. Re1 f4 40. Qc3 Rd1 41. Qe5 Rxe1+ 42. Qxe1 f3 43. gxf3 Qxh3+ 44. Kg1 Qxf3 45. Qe8+ Kg7 46. Qe5+ Qf6 47. Qe2 Qg5+ 48. Kf1 Qf5+ 49. Kg1 h5 0-1

[Event "Brasilia op"]
[Site "Brasilia"]
[Date "2012.??.??"]
[Round "5"]
[White "Saenko, Gennady"]
[Black "Dos Reis, Vinicius Pires"]
[Result "0-1"]
[WhiteElo "1830"]
[BlackElo "1847"]
[PlyCount "144"]
[EventDate "2012.09.06"]
[EventType "swiss"]
[EventRounds "6"]
[EventCountry "BRA"]
[SourceTitle "CBM 150 Extra"]
[Source "ChessBase"]
[SourceDate "2012.10.19"]
[SourceVersion "1"]
[SourceVersionDate "2012.10.19"]
[SourceQuality "1"]

1. c4 Nf6 2. Nc3 e6 3. Nf3 d5 4. cxd5 Nxd5 5. g3 Nd7 6. Bg2 c6 7. 0-0 Be7 8. b3 0-0 9. Bb2 N7f6 10. Re1 Bc5 11. e3 Re8 12. a3 Nxc3 13. dxc3 Qe7 14. Ne5 Nd7 15. Nc4 Nb6 16. Qe2 e5 17. Nxb6 Bxb6 18. c4 Bf5 19. Red1 Rad8 20. Rxd8 Rxd8 21. Rd1 f6 22. b4 Qe6 23. Rxd8+ Bxd8 24. e4 Bg4 25. Qd3 Bc7 26. Bf1 Kf8 27. a4 Qd7 28. Qxd7 Bxd7 29. Kg2 Ke7 30. Kf3 c5 31. b5 Ba5 32. Ke2 Kd6 33. f3 Kc7 34. Kd3 Bb4 35. Bc3 Kb6 36. Bxb4 cxb4 37. Kc2 Kc5 38. Kb3 b6 39. g4 g6 40. h3 Be6 41. Be2 Bd7 42. Bd1 h5 43. Bc2 Be6 44. Bd3 h4 45. Bc2 f5 46. Bd3 fxe4 47. fxe4 Kd4 48. Bf1 Kxe4 49. Kxb4 Kd4 50. Kb3 e4 51. Kb4 e3 52. Be2 Bc8 53. a5 Bb7 54. a6 Bg2 55. c5 bxc5+ 56. Ka5 c4 57. Kb4 c3 58. Kb3 Bd5+ 59. Kc2 Be4+ 60. Kc1 Bd3 61. b6 axb6 62. a7 Be4 63. Bb5 Kc5 64. Be2 b5 65. Kd1 b4 66. Bd3 Bf3+ 67. Kc2 Kd4 68. Be2 Be4+ 69. Kc1 b3 70. a8Q Bxa8 71. Bd1 b2+ 72. Kb1 Be4+ 0-1

[Event "BRA-ch sf"]
[Site "Brasilia"]
[Date "2011.10.29"]
[Round "2"]
[White "Saenko, Gennady"]
[Black "De Arruda, Filho Ivo Pereira"]
[Result "0-1"]
[WhiteElo "1827"]
[BlackElo "1935"]
[PlyCount "139"]
[EventDate "2011.10.29"]
[EventType "swiss"]
[EventRounds "8"]
[EventCountry "BRA"]
[SourceTitle "EXT 2012"]
[Source "ChessBase"]
[SourceDate "2011.11.24"]
[SourceVersion "1"]
[SourceVersionDate "2011.11.24"]
[SourceQuality "1"]

1. e4 c6 2. g3 d5 3. Bg2 dxe4 4. Bxe4 Nf6 5. Bg2 Bf5 6. d3 e6 7. Nf3 Bc5 8. d4 Bb6 9. 0-0 0-0 10. c3 Nbd7 11. Nh4 Be4 12. Bxe4 Nxe4 13. Nd2 Ndf6 14. Nxe4 Nxe4 15. Qe2 Nf6 16. Rd1 Re8 17. Nf3 h6 18. Ne5 Qe7 19. Qf3 Bc7 20. Be3 Red8 21. Nd3 Nd5 22. Rd2 Nxe3 23. Qxe3 Rd7 24. Rad1 Bd6 25. Ne5 Rdd8 26. a3 Qc7 27. Nc4 Be7 28. Qe5 Qd7 29. Qe4 Bf6 30. Ne5 Qc7 31. Nc4 Rd5 32. Ne3 Bg5 33. f4 Bf6 34. Nxd5 cxd5 35. Qd3 g6 36. Qb5 a6 37. Qd3 h5 38. Kf2 Kg7 39. h4 Re8 40. Kg2 Qc6 41. Kh3 Kh8 42. Qe2 b5 43. Ra1 Qd7 44. Kh2 Be7 45. Qd1 a5 46. a4 b4 47. cxb4 Bxb4 48. Rc2 Rb8 49. Qd3 Rb6 50. b3 Qb7 51. Rac1 Bd6 52. Rc3 Rb4 53. Qd1 Qa7 54. Rd3 Bc7 55. Qd2 Bb6 56. Rd1 Qe7 57. Qc3 Qf6 58. Kg2 Qf5 59. Qc1 Bc7 60. Rc3 Bb8 61. Qe3 Kh7 62. Rc5 Ba7 63. Rxa5 Qc2+ 64. Rd2 Qc7 65. Rb5 Rxb5 66. axb5 Qb6 67. Qd3 Kg7 68. Kf3 f6 69. Rc2 Qd6 70. Rc6 0-1